2004 Enlargement of the European Union - Statistics

General Stats
  • This quiz has been taken 65 times
  • The average score is 9 of 10
Answer Stats
Answer % Correct
Poland
96%
Estonia
95%
Latvia
95%
Lithuania
95%
Hungary
93%
Slovakia
91%
Czechia
89%
Slovenia
89%
Malta
71%
Cyprus
70%
No matching quizzes found
Score Distribution
Percent of People with Each Score
Percentile by Number Answered
Your Score History
You have not taken this quiz